The Challenge of democracy : (Record no. 154493)

MARC details
000 -LEADER
fixed length control field 00790nam a2200265 a 4500
008 - FIXED-LENGTH DATA ELEMENTS--GENERAL INFORMATION
fixed length control field
020 ## - INTERNATIONAL STANDARD BOOK NUMBER
International Standard Book Number 0395660114 (cased)
049 ## - LOCAL HOLDINGS (OCLC)
Holding library MAIN
090 ## - LOCALLY ASSIGNED LC-TYPE CALL NUMBER (OCLC); LOCAL CALL NUMBER (RLIN)
Classification number (OCLC) (R) ; Classification number, CALL (RLIN) (NR) JK274
003 - CONTROL NUMBER IDENTIFIER
control field
005 - DATE AND TIME OF LATEST TRANSACTION
control field 20230123133758.0
040 ## - CATALOGING SOURCE
Transcribing agency NUST
100 1# - MAIN ENTRY--PERSONAL NAME
Personal name Janida, Kenneth
245 10 - TITLE STATEMENT
Title The Challenge of democracy :
Remainder of title Government in America /
Statement of responsibility, etc. Kenneth Janda, Jeffrey M. Berry, Jerry, Goldman.
260 ## - PUBLICATION, DISTRIBUTION, ETC.
Place of publication, distribution, etc. Dallas :
Name of publisher, distributor, etc. Houghton,
Date of publication, distribution, etc. 1993
300 ## - PHYSICAL DESCRIPTION
Extent 3rd ed.
300 ## - PHYSICAL DESCRIPTION
Extent 759 p. :
Other physical details col. ill. ;
Dimensions 26 cm
504 ## - BIBLIOGRAPHY, ETC. NOTE
Bibliography, etc. note Includes bibliographical references.
500 ## - GENERAL NOTE
General note Includes index.
650 ## - SUBJECT ADDED ENTRY--TOPICAL TERM
Topical term or geographic name entry element Democracy
Geographic subdivision United States.
700 ## - ADDED ENTRY--PERSONAL NAME
Personal name Goldman, Jerry
700 ## - ADDED ENTRY--PERSONAL NAME
Personal name Berry, Jeffrey M.
907 ## - LOCAL DATA ELEMENT G, LDG (RLIN)
a .b10131267
b 29-09-05
c 20-07-04
942 ## - ADDED ENTRY ELEMENTS (KOHA)
Koha item type Ordinary Loan Books
Call number prefix JK274
Holdings
Date last seen Total Checkouts Full call number Barcode Cost, replacement price Price effective from Koha item type Lost status Source of classification or shelving scheme Damaged status Not for loan Collection Withdrawn status Home library Current library Shelving location Date acquired Cost, normal purchase price
01/23/2023 21 JK274 JAN 92003007649 80.00 01/23/2023 BOOKS   LCC     NFIC   MAIN MAIN GEN 01/23/2023 80.00